[Event "Cto. Espana Selecciones Autonomicas"]
[Site "Padron"]
[Date "2006.10.06"]
[Round "2.5"]
[White "Alonso Arburu, Juan Ignacio"]
[Black "Espineira Gonzalez, Pablo"]
[Result "0-1"]
[WhiteElo "2357"]
[BlackElo "2217"]
[PlyCount "70"]
[EventDate "2006.10.??"]

1. c4 e5 2. Nc3 Nc6 3. g3 d6 4. Bg2 Be6 5. Nd5 Qd7 6. Nf3 Nce7 7. d4 e4 8. Ng5
Nxd5 9. cxd5 Bxd5 10. Bxe4 Bxe4 11. Nxe4 d5 12. Nc3 Nf6 13. Bf4 c6 14. O-O h5
15. Re1 Be7 16. f3 h4 17. g4 Bd6 18. Qd2 O-O-O 19. Rac1 Kb8 20. b4 Ka8 21. Na4
Ne4 22. Qe3 Rde8 23. Qa3 Qc7 24. Be5 f6 25. fxe4 fxe5 26. exd5 exd4 27. e4 dxe3
28. dxc6 Bxh2+ 29. Kh1 Rhf8 30. Rxe3 Bf4 31. Rxe8+ Rxe8 32. Rc2 Re1+ 33. Kg2
Be3 34. Nb6+ Bxb6 35. Qf3 Rg1+ 0-1

[Event "Cto. Espana Selecciones Autonomicas"]
[Site "Padron"]
[Date "2006.10.06"]
[Round "2.5"]
[White "Abuin Boullon, Manuel Angel"]
[Black "Limeres, Cristobal"]
[Result "1/2-1/2"]
[WhiteElo "2144"]
[BlackElo "100"]
[PlyCount "147"]
[EventDate "2006.10.??"]

1. e4 e6 2. d4 d5 3. Nd2 a6 4. Ngf3 c5 5. exd5 exd5 6. dxc5 Bxc5 7. Nb3 Ba7 8.
Bd3 Nf6 9. O-O O-O 10. c3 Nc6 11. Bg5 Bg4 12. Re1 Qd6 13. Bh4 Rad8 14. Be2 Rfe8
15. Nfd4 Bc8 16. Bg3 Qf8 17. Qc2 Ne5 18. Bf1 Bb8 19. Rad1 Ne4 20. Bh4 f6 21.
Nd2 Nd6 22. N2f3 Bg4 23. Be2 Rc8 24. Nxe5 Bxe2 25. Nxe2 Rxe5 26. Bg3 Re4 27.
Rxd5 Rce8 28. Rd4 R4e6 29. Qd3 b5 30. Bf4 Qe7 31. Be3 Ba7 32. Rh4 g5 33. Bxa7
gxh4 34. Be3 Qb7 35. Nf4 Qe4 36. Qxe4 Rxe4 37. Nd5 Kf7 38. Rd1 Nc4 39. b3 Nxe3
40. Nxe3 f5 41. Rd7+ R8e7 42. Rd6 f4 43. Nf1 R7e6 44. Rd5 Kg6 45. f3 Re2 46. a4
bxa4 47. bxa4 Rc2 48. Rd2 Rxc3 49. Rd4 Kf5 50. Rd7 Rc1 51. Kf2 Rc2+ 52. Nd2 Rb6
53. Ke2 Rbb2 54. Rd5+ Ke6 55. Rd4 Ke5 56. Rd8 Rxd2+ 57. Rxd2 Rxd2+ 58. Kxd2 Kd4
59. Ke2 a5 60. Kf2 Ke5 61. Ke2 Kd4 62. Kf2 Kd5 63. g3 hxg3+ 64. hxg3 Ke5 65.
gxf4+ Kxf4 66. Kg2 h6 67. Kf2 h5 68. Kg2 h4 69. Kh3 Kxf3 70. Kxh4 Ke4 71. Kg4
Kd4 72. Kf4 Kc4 73. Ke4 Kb4 74. Kd4 1/2-1/2

[Event "Cto. Espana Selecciones Autonomicas"]
[Site "Padron"]
[Date "2006.10.06"]
[Round "2.5"]
[White "Galzagorri Uli, Yeray"]
[Black "Pazos Porta, Antonio"]
[Result "0-1"]
[WhiteElo "2227"]
[BlackElo "2142"]
[PlyCount "97"]
[EventDate "2006.10.??"]

1. e4 e6 2. d3 d5 3. Nd2 Nf6 4. Ngf3 Nc6 5. c3 e5 6. b4 d4 7. b5 dxc3 8. bxc6
cxd2+ 9. Bxd2 Bc5 10. cxb7 Bxb7 11. Be2 O-O 12. O-O Qe7 13. Bc3 Rfd8 14. Qb3
Rab8 15. Rab1 Nd7 16. Qc2 Bb6 17. a4 a5 18. Nd2 Nc5 19. Nc4 Bc6 20. Bxe5 Bxa4
21. Qc3 Ne6 22. Nxb6 Rxb6 23. Qxa5 Rxb1 24. Rxb1 Bc2 25. Rc1 Bxd3 26. Bxd3 Rxd3
27. Qa8+ Qd8 28. Qxd8+ Rxd8 29. Kf1 Rc8 30. Ke2 f6 31. Bg3 Kf7 32. f4 f5 33.
exf5 Nd4+ 34. Kd3 Nxf5 35. Bf2 Ke6 36. g4 Nd6 37. f5+ Kd7 38. Bd4 Ne8 39. g5
Ra8 40. f6 gxf6 41. gxf6 Ra3+ 42. Ke2 Nd6 43. Be5 Ra5 44. Bxd6 cxd6 45. Rf1 Ra8
46. Kf3 Rg8 47. Re1 Rf8 48. Rf1 Rg8 49. Re1 0-1

[Event "Cto. Espana Selecciones Autonomicas"]
[Site "Padron"]
[Date "2006.10.06"]
[Round "2.5"]
[White "Angulo Martinez, Jon"]
[Black "Senlle Caride, Miguel"]
[Result "1-0"]
[WhiteElo "2133"]
[BlackElo "2084"]
[PlyCount "53"]
[EventDate "2006.10.??"]

1. e4 e5 2. Nf3 Nc6 3. Bb5 a6 4. Ba4 Nf6 5. d4 b5 6. Bb3 Nxd4 7. Nxd4 exd4 8.
e5 Ne4 9. Qf3 d5 10. exd6 f5 11. Bd5 Rb8 12. Bxe4 fxe4 13. Qxe4+ Kf7 14. dxc7
Qxc7 15. Qf3+ Ke6 16. O-O Bd6 17. Re1+ Kd7 18. Qf5+ Kc6 19. Qe4+ Kc5 20. b4+
Kxb4 21. Qxd4+ Ka5 22. Bd2+ b4 23. a3 Rd8 24. axb4+ Kb5 25. Qd5+ Bc5 26. Na3+
Kb6 27. bxc5+ 1-0

[Event "Cto. Espana Selecciones Autonomicas"]
[Site "Padron"]
[Date "2006.10.06"]
[Round "2.5"]
[White "Devesa Raris, Lorena"]
[Black "Camara Gil, Paula"]
[Result "0-1"]
[WhiteElo "1756"]
[BlackElo "1894"]
[PlyCount "100"]
[EventDate "2006.10.??"]

1. e4 c5 2. Nc3 Nc6 3. d3 e6 4. g3 Nge7 5. Bg2 d6 6. f4 g6 7. Nf3 Qb6 8. Ne2
Bg7 9. c3 O-O 10. O-O a5 11. Rb1 a4 12. Be3 f5 13. Qd2 Qa5 14. exf5 exf5 15.
Rfe1 Be6 16. Nc1 Bf7 17. d4 a3 18. b3 Nd5 19. Ne2 Rfe8 20. Bf2 Rxe2 21. Qxe2
Nxc3 22. Qd3 Nxb1 23. Rxb1 Nb4 24. Qd2 Rc8 25. Ng5 cxd4 26. Be1 Rc3 27. Nxf7
Kxf7 28. Qe2 Rc2 29. Qxc2 Nxc2 30. Bxa5 Ne3 31. Bf3 d5 32. Bb6 Ke6 33. Rc1 Kd6
34. Rc7 Bf6 35. Rxh7 Nc2 36. Rxb7 d3 37. Kf1 Bb2 38. Bd8 d2 39. Kf2 d4 40. Rb6+
Kd7 41. Bf6 Ne3 42. Rb5 d1=Q 43. Bxd1 Nxd1+ 44. Ke1 Nc3 45. Ra5 Nxa2 46. Kd2
Bc3+ 47. Kd3 Bxa5 48. Bxd4 Nb4+ 49. Kc4 Nc2 50. Be5 a2 0-1

[Event "Cto. Espana Selecciones Autonomicas"]
[Site "Padron"]
[Date "2006.10.06"]
[Round "3.1"]
[White "Salgado Lopez, Ivan"]
[Black "Romero Holmes, Alfonso"]
[Result "1/2-1/2"]
[WhiteElo "2425"]
[BlackElo "2512"]
[PlyCount "135"]
[EventDate "2006.10.??"]

1. e4 c5 2. Nf3 d6 3. d4 cxd4 4. Nxd4 Nf6 5. Nc3 Nc6 6. Bg5 e6 7. Qd2 Be7 8.
O-O-O Qb6 9. Nb3 O-O 10. f3 Rd8 11. Qe1 a6 12. h4 Qc7 13. g4 b5 14. Be3 Nd7 15.
Kb1 Nb6 16. g5 Na4 17. Ne2 d5 18. exd5 Nb4 19. Rc1 Nxd5 20. Bd2 Bb7 21. h5 Bxg5
22. Bxg5 Qe5 23. Ned4 Qxg5 24. Na5 b4 25. Ka1 Qf6 26. Qh4 Rd7 27. Qxf6 Nxf6 28.
Ndc6 Bxc6 29. Nxc6 Nd5 30. Rh4 a5 31. Rd4 Rc7 32. Bb5 Nab6 33. c4 bxc3 34. bxc3
Nf6 35. Rcd1 Nbd7 36. c4 h6 37. f4 Nc5 38. Ne5 Kf8 39. Bc6 Rac8 40. Bf3 Ke7 41.
Rg1 Kf8 42. Rb1 Nfd7 43. Rb5 Nxe5 44. fxe5 a4 45. Kb2 Ke7 46. Ka3 f6 47. exf6+
gxf6 48. Rg4 Nd3 49. Bb7 Rb8 50. Bg2 Rf8 51. Kxa4 f5 52. Rg7+ Rf7 53. Rxf7+
Kxf7 54. Bf1 Nf4 55. c5 Kf6 56. Bc4 e5 57. Ka5 e4 58. Kb6 Re7 59. c6 Ne6 60.
Rd5 e3 61. Rd6 Ke5 62. Rxe6+ Rxe6 63. Bxe6 e2 64. c7 e1=Q 65. c8=Q Qb4+ 66. Ka7
Qa5+ 67. Kb7 Qb4+ 68. Ka7 1/2-1/2

[Event "Cto. Espana Selecciones Autonomicas"]
[Site "Padron"]
[Date "2006.10.06"]
[Round "3.1"]
[White "Narciso Dublan, Marc"]
[Black "Suarez Pousa, Diego"]
[Result "1/2-1/2"]
[WhiteElo "2511"]
[BlackElo "2394"]
[PlyCount "47"]
[EventDate "2006.10.??"]

1. e4 e5 2. Nf3 Nc6 3. d4 exd4 4. Nxd4 Bc5 5. Be3 Bb6 6. Nc3 Nge7 7. Qd2 d6 8.
O-O-O O-O 9. h4 Re8 10. h5 Nxd4 11. Bxd4 h6 12. Be2 Bxd4 13. Qxd4 Nc6 14. Qd2
f5 15. exf5 Bxf5 16. g4 Bh7 17. Rhg1 Kh8 18. f4 d5 19. Bb5 a6 20. Bxc6 bxc6 21.
g5 Qd6 22. gxh6 Qxh6 23. Rg5 Qf6 24. Rdg1 1/2-1/2

[Event "Cto. Espana Selecciones Autonomicas"]
[Site "Padron"]
[Date "2006.10.06"]
[Round "3.1"]
[White "Garcia Castro, Pablo"]
[Black "Fluvia Poyatos, Jordi"]
[Result "0-1"]
[WhiteElo "2390"]
[BlackElo "2458"]
[PlyCount "70"]
[EventDate "2006.10.??"]

1. g3 d5 2. Nf3 Nf6 3. Bg2 e6 4. O-O Be7 5. d3 c5 6. Nbd2 Nc6 7. e4 O-O 8. Re1
b5 9. e5 Nd7 10. Nf1 b4 11. h4 a5 12. N1h2 a4 13. a3 bxa3 14. bxa3 Ba6 15. Bf4
Rb8 16. Ng5 h6 17. Nh3 Nd4 18. c3 Nf5 19. h5 Rb3 20. Qc2 Qa5 21. Bd2 Qb5 22.
Bf1 Rb2 23. Qc1 Qb3 24. Nf3 d4 25. c4 Bb7 26. Be2 Rb8 27. Nf4 Bc6 28. g4 Nh4
29. Nxh4 Bxh4 30. Bd1 Qb7 31. Bc2 Bg5 32. Kh2 Qc7 33. Nh3 Bxd2 34. Qxd2 Nxe5
35. Rxe5 Qxe5+ 0-1

[Event "Cto. Espana Selecciones Autonomicas"]
[Site "Padron"]
[Date "2006.10.06"]
[Round "3.1"]
[White "Alsina Leal, Daniel"]
[Black "Garcia Carbo, Marcial"]
[Result "1-0"]
[WhiteElo "2430"]
[BlackElo "2384"]
[PlyCount "113"]
[EventDate "2006.10.??"]

1. e4 e6 2. d4 d5 3. Nc3 Bb4 4. e5 Ne7 5. a3 Bxc3+ 6. bxc3 c5 7. Qg4 O-O 8. Bd3
f5 9. exf6 Rxf6 10. Bg5 e5 11. Qh4 e4 12. Bxf6 gxf6 13. Be2 Nf5 14. Qh3 Ng7 15.
Qe3 Nc6 16. dxc5 Qa5 17. Rd1 d4 18. Qd2 dxc3 19. Qd5+ Be6 20. Qxe4 Kh8 21. Nf3
Qxa3 22. O-O Qxc5 23. Qh4 Rf8 24. Bd3 Qh5 25. Qxh5 Nxh5 26. Be4 Na5 27. Rd6 Nf4
28. Nd4 Bc4 29. Ra1 b6 30. Rd7 Rf7 31. Rxf7 Bxf7 32. Ra3 Bd5 33. Bxd5 Nxd5 34.
Nb5 Nc6 35. Nxc3 Ndb4 36. Ne4 Nxc2 37. Rc3 N2d4 38. Kf1 Kg7 39. Nd6 Kf8 40. Nb5
Nxb5 41. Rxc6 Ke7 42. g4 Kf7 43. h4 Nd4 44. Rc7+ Kg8 45. Rxa7 Nf3 46. h5 Nh2+
47. Kg2 Nxg4 48. Kg3 Nh6 49. Kf4 b5 50. Rb7 Kh8 51. Rxb5 Kg8 52. Rb8+ Kg7 53.
Rb7+ Kg8 54. Ra7 Kh8 55. f3 Kg8 56. Ke4 Kh8 57. Kd5 1-0

[Event "Cto. Espana Selecciones Autonomicas"]
[Site "Padron"]
[Date "2006.10.06"]
[Round "3.1"]
[White "Guerra Bastida, Diego"]
[Black "Lacasa Diaz, Jose Antonio"]
[Result "1/2-1/2"]
[WhiteElo "2361"]
[BlackElo "2410"]
[PlyCount "91"]
[EventDate "2006.10.??"]

1. c4 c5 2. Nf3 g6 3. d4 Bg7 4. Nc3 cxd4 5. Nxd4 Nc6 6. e3 Nf6 7. Be2 O-O 8.
O-O Nxd4 9. Qxd4 d6 10. e4 Be6 11. Qe3 Ng4 12. Bxg4 Bxg4 13. Bd2 Bd7 14. Rac1
b6 15. b3 Bc6 16. Ne2 Rc8 17. Bc3 Bxc3 18. Rxc3 Qd7 19. Nd4 Ba8 20. Rd1 Qb7 21.
f3 a6 22. a4 Rc5 23. Rcd3 Rfc8 24. Qf2 Re5 25. Re1 Qa7 26. Ne2 Qc7 27. Nc3 Qc5
28. Rde3 g5 29. Kh1 Kh8 30. h3 Re6 31. Qd2 Re5 32. Nd5 Bxd5 33. exd5 f6 34.
Rxe5 dxe5 35. Rd1 Rd8 36. Qc3 b5 37. Qa5 Rc8 38. Qxa6 bxc4 39. Rc1 c3 40. b4
Qc4 41. Qxc4 Rxc4 42. a5 Rxb4 43. Rxc3 Ra4 44. Rc5 Kg7 45. Rc7 Rxa5 46. Rxe7+
1/2-1/2

[Event "Cto. Espana Selecciones Autonomicas"]
[Site "Padron"]
[Date "2006.10.06"]
[Round "3.1"]
[White "Llaneza Vega, Patricia"]
[Black "Beltran Ortiz, Edda"]
[Result "1-0"]
[WhiteElo "2232"]
[BlackElo "1940"]
[PlyCount "59"]
[EventDate "2006.10.??"]

1. e4 c5 2. Nf3 e6 3. d4 cxd4 4. Nxd4 Nc6 5. Nc3 Qc7 6. Be3 a6 7. Qd2 Nf6 8.
O-O-O Be7 9. f3 O-O 10. g4 Rd8 11. g5 Ne8 12. f4 b5 13. Nb3 d6 14. Rg1 Bb7 15.
Qf2 Qc8 16. Bh3 Nc7 17. Bb6 Re8 18. Kb1 Bf8 19. f5 Ne5 20. Bd4 a5 21. fxe6 fxe6
22. Bxe5 dxe5 23. Rgf1 Kh8 24. Nc5 Bxc5 25. Qxc5 b4 26. Na4 Bxe4 27. Qxe5 Qb7
28. Rd7 Bxc2+ 29. Kc1 Rg8 30. Rxc7 1-0

[Event "Cto. Espana Selecciones Autonomicas"]
[Site "Padron"]
[Date "2006.10.06"]
[Round "3.2"]
[White "Almagro Llamas, Pablo"]
[Black "Paredes Galan, Angel"]
[Result "1-0"]
[WhiteElo "2404"]
[BlackElo "2370"]
[PlyCount "97"]
[EventDate "2006.10.??"]

1. e4 e6 2. d4 d5 3. Nc3 Nf6 4. Bg5 Be7 5. e5 Nfd7 6. h4 c5 7. Bxe7 Qxe7 8. Nb5
O-O 9. Nc7 cxd4 10. Qd2 f6 11. Nxa8 11... fxe5 { } 12. O-O-O Nf6 13. Nf3 Nc6
14. Bb5 Ne4 15. Qe1 Qd6 16. Kb1 Bd7 17. c3 Rxa8 18. cxd4 exd4 19. Nxd4 Qf4 20.
f3 Nxd4 21. Rxd4 Bxb5 22. fxe4 dxe4 23. Qb4 Qf2 24. Rd2 Qf5 25. g4 Qf3 26. Rc1
Bc6 27. g5 Rf8 28. Qe7 Qf5 29. Rd8 e3+ 30. Ka1 Rxd8 31. Qxd8+ Kf7 32. h5 e2 33.
Qc7+ Kg8 34. Qg3 Qf3 35. Qb8+ Kf7 36. Qc7+ Kg8 37. h6 Qf8 38. Qe5 gxh6 39.
Qxe6+ Qf7 40. Qxh6 Qf4 41. Re1 Bd5 42. Qh5 Qc4 43. Qe8+ Kg7 44. Qe5+ Kg6 45.
Qf6+ Kh5 46. Qh6+ Kg4 47. Rg1+ Kf5 48. Qxh7+ Kf4 49. Qh4+ 1-0

[Event "Cto. Espana Selecciones Autonomicas"]
[Site "Padron"]
[Date "2006.10.06"]
[Round "3.2"]
[White "Pena Gomez, Manuel"]
[Black "Alonso Fernandez, Marcos"]
[Result "1/2-1/2"]
[WhiteElo "2319"]
[BlackElo "2311"]
[PlyCount "51"]
[EventDate "2006.10.??"]

1. e4 c5 2. Nf3 e6 3. d4 cxd4 4. Nxd4 Nc6 5. Nc3 a6 6. Be2 Qc7 7. O-O Nf6 8.
Be3 Bb4 9. Na4 O-O 10. Nxc6 bxc6 11. Nb6 Rb8 12. Nxc8 Rfxc8 13. Bxa6 Rf8 14.
Bd3 Bd6 15. g3 Be5 16. b3 Bxa1 17. Qxa1 Ng4 18. Bd4 e5 19. Bb2 Rfe8 20. h3 Nf6
21. f4 d6 22. fxe5 dxe5 23. a4 Rb4 24. Bc3 Rxe4 25. Bxe4 Nxe4 26. Qe1 1/2-1/2

[Event "Cto. Espana Selecciones Autonomicas"]
[Site "Padron"]
[Date "2006.10.06"]
[Round "3.2"]
[White "Fernandez Garcia, Miguel Angel"]
[Black "Permuy Lorenzo, Carlos"]
[Result "1/2-1/2"]
[WhiteElo "2304"]
[BlackElo "2358"]
[PlyCount "47"]
[EventDate "2006.10.??"]

1. d4 f5 2. g3 Nf6 3. Bg2 d6 4. Nf3 g6 5. O-O Bg7 6. c4 O-O 7. b4 Ne4 8. Bb2 c5
9. Nbd2 Nxd2 10. Qxd2 cxb4 11. Qxb4 Nc6 12. Qd2 e5 13. dxe5 dxe5 14. Qd5+ Kh8
15. Qxd8 Rxd8 16. Ng5 Rd2 17. Rfd1 Rxb2 18. Bxc6 Bf6 19. Nf7+ Kg7 20. Bd5 Kf8
21. Nd6 Ke7 22. Nxc8+ Rxc8 23. Rab1 Rxb1 24. Rxb1 1/2-1/2

[Event "Cto. Espana Selecciones Autonomicas"]
[Site "Padron"]
[Date "2006.10.06"]
[Round "3.2"]
[White "Espineira Gonzalez, Diego"]
[Black "Arribas Lopez, Angel"]
[Result "1/2-1/2"]
[WhiteElo "2292"]
[BlackElo "2199"]
[PlyCount "60"]
[EventDate "2006.10.??"]

1. e4 c5 2. Nf3 Nc6 3. d4 cxd4 4. Nxd4 Nf6 5. Nc3 e5 6. Ndb5 d6 7. Bg5 a6 8.
Na3 b5 9. Bxf6 gxf6 10. Nd5 f5 11. g3 fxe4 12. Bg2 Be6 13. Bxe4 Rc8 14. O-O Bg7
15. Qh5 Ne7 16. Nxe7 Qxe7 17. Rad1 Rc5 18. b4 Rc3 19. Nb1 Rc4 20. Nd2 Rxb4 21.
c3 Ra4 22. Bc6+ Kd8 23. Qe2 Kc7 24. Bf3 d5 25. Qe3 Kc6 26. Nb3 Rd8 27. Rd2 Qf8
28. Rb2 Qa3 29. Rd2 Qf8 30. Rb2 Qa3 1/2-1/2

[Event "Cto. Espana Selecciones Autonomicas"]
[Site "Padron"]
[Date "2006.10.06"]
[Round "3.2"]
[White "Pascual Palomo, Lucia"]
[Black "Fernandez Losada, Daniel"]
[Result "1-0"]
[WhiteElo "2102"]
[BlackElo "2145"]
[PlyCount "71"]
[EventDate "2006.10.??"]

1. e4 c5 2. Nf3 Nc6 3. Bb5 e6 4. Bxc6 bxc6 5. d3 d5 6. O-O Qc7 7. e5 Ne7 8. c4
Ba6 9. b3 Rd8 10. Qc2 Nf5 11. Ba3 Be7 12. Re1 g5 13. g4 Nh4 14. Nxh4 gxh4 15.
Qe2 Rg8 16. Kh1 Qa5 17. h3 Bg5 18. Bc1 Bxc1 19. Rxc1 Ke7 20. Qf3 Rg6 21. Nc3 f6
22. Qe2 Kd7 23. f4 fxe5 24. Qxe5 Qc7 25. Na4 Qxe5 26. fxe5 Ke7 27. Nxc5 Bc8 28.
Rf1 dxc4 29. bxc4 h5 30. Rf4 hxg4 31. Rxg4 Rxg4 32. hxg4 Rg8 33. Rg1 Bd7 34.
Kh2 Be8 35. Kh3 Rh8 36. Rb1 1-0

[Event "Cto. Espana Selecciones Autonomicas"]
[Site "Padron"]
[Date "2006.10.06"]
[Round "3.2"]
[White "Ares Campo, Iria"]
[Black "Castejon Caballero, Natalia"]
[Result "0-1"]
[WhiteElo "1923"]
[BlackElo "2063"]
[PlyCount "52"]
[EventDate "2006.10.??"]

1. e4 c5 2. d3 g6 3. g3 Bg7 4. Bg2 d6 5. f4 Nc6 6. Nf3 e5 7. c3 Nge7 8. O-O O-O
9. f5 b6 10. Nh4 f6 11. Na3 g5 12. Nf3 d5 13. exd5 Nxd5 14. Nxg5 fxg5 15. Qb3
Nce7 16. f6 Bxf6 17. Rxf6 Rxf6 18. Bxg5 Rd6 19. Bxe7 Qxe7 20. Nb5 Be6 21. c4
Ne3 22. Bxa8 Rd8 23. Be4 Rf8 24. Qc3 Qf6 25. Qc1 Qf2+ 26. Kh1 Bg4 0-1

[Event "Cto. Espana Selecciones Autonomicas"]
[Site "Padron"]
[Date "2006.10.06"]
[Round "3.3"]
[White "Gonzalez Menendez, Ivan"]
[Black "Villavicencio Martinez, Adalberto"]
[Result "0-1"]
[WhiteElo "2420"]
[BlackElo "2404"]
[PlyCount "62"]
[EventDate "2006.10.??"]

1. e4 c5 2. Nc3 d6 3. f4 Nc6 4. Nf3 g6 5. Bc4 Bg7 6. O-O e6 7. d3 Nge7 8. Qe1
O-O 9. f5 d5 10. Bb3 dxe4 11. f6 Bxf6 12. Nxe4 Bg7 13. Bg5 f6 14. Bf4 b6 15.
Nd6 Nd5 16. Qe4 f5 17. Qxd5 exd5 18. Bxd5+ Kh8 19. Bxc6 Be6 20. Ng5 Bg8 21.
Bxa8 Qxa8 22. Rae1 Qd5 23. Ne8 Bxb2 24. Bd6 Rxe8 25. Rxe8 h6 26. Bf4 hxg5 27.
Bxg5 Qxa2 28. h3 Bd4+ 29. Kh2 Qxc2 30. Rf4 Kg7 31. Rh4 Bd5 0-1

[Event "Cto. Espana Selecciones Autonomicas"]
[Site "Padron"]
[Date "2006.10.06"]
[Round "3.3"]
[White "Ortega Hermida, Daniel"]
[Black "Llaneza Vega, Marcos"]
[Result "1-0"]
[WhiteElo "2380"]
[BlackElo "2381"]
[PlyCount "55"]
[EventDate "2006.10.??"]

1. d4 Nf6 2. Nf3 c5 3. d5 b5 4. Bg5 Ne4 5. Bf4 Bb7 6. a4 b4 7. c4 d6 8. Nbd2
Nf6 9. e4 g6 10. e5 dxe5 11. Nxe5 Bg7 12. Be2 O-O 13. O-O a5 14. Bf3 Qb6 15.
Re1 Ra7 16. Nb3 Ba6 17. Rc1 Ne8 18. Nc6 Nxc6 19. dxc6 Bxb2 20. Nxc5 Bxc1 21.
Nd7 Rxd7 22. cxd7 Nf6 23. Bxc1 Rd8 24. Rxe7 Qc5 25. Qe1 Rxd7 26. Rxd7 Nxd7 27.
Qe8+ Nf8 28. Bd5 1-0

[Event "Cto. Espana Selecciones Autonomicas"]
[Site "Padron"]
[Date "2006.10.06"]
[Round "3.3"]
[White "Andres Gonzalez, Ivan"]
[Black "Brito Garcia, Alfredo"]
[Result "1/2-1/2"]
[WhiteElo "2367"]
[BlackElo "2364"]
[PlyCount "109"]
[EventDate "2006.10.??"]

1. e4 g6 2. d4 d6 3. Nc3 Bg7 4. f4 Nf6 5. Nf3 O-O 6. Bd3 c5 7. dxc5 dxc5 8. O-O
Nc6 9. e5 Ng4 10. Be4 f6 11. h3 Nh6 12. exf6 exf6 13. Be3 Bf5 14. Bxc5 Re8 15.
Qxd8 Nxd8 16. Bd5+ Be6 17. Rfe1 Bf8 18. Bxf8 Kxf8 19. Nd4 Bf7 20. Ndb5 Nc6 21.
Bxf7 Rxe1+ 22. Rxe1 Kxf7 23. Rd1 Rd8 24. Rxd8 Nxd8 25. Nxa7 Nf5 26. Nab5 Ne3
27. Nd4 Ne6 28. Nce2 Nc5 29. b3 Ne4 30. a4 Ke7 31. b4 Kd6 32. a5 h5 33. Nc1 Kd5
34. Ncb3 Kc4 35. b5 Nd5 36. a6 bxa6 37. bxa6 Nc7 38. a7 g5 39. f5 Na8 40. g4
hxg4 41. hxg4 Nd6 42. Kg2 Kd5 43. Kf3 Nc8 44. Nb5 Kc4 45. N3d4 Nxa7 46. Nxa7
Kxd4 47. Nb5+ Kd5 48. Nc3+ Ke5 49. Ne4 Nb6 50. c3 Nc4 51. Nc5 Kd6 52. Ne6 Ne5+
53. Kg3 Kd5 54. Nf8 Kc4 55. Ng6 1/2-1/2

[Event "Cto. Espana Selecciones Autonomicas"]
[Site "Padron"]
[Date "2006.10.06"]
[Round "3.3"]
[White "Cabrera Trujillo, Jorge"]
[Black "Vigil Alvarez, Luis"]
[Result "1/2-1/2"]
[WhiteElo "2255"]
[BlackElo "2324"]
[PlyCount "63"]
[EventDate "2006.10.??"]

1. e4 d5 2. exd5 Qxd5 3. d4 Nf6 4. Nf3 c6 5. c4 Qd6 6. Nc3 g6 7. g3 Bg7 8. Bg2
Qe6+ 9. Qe2 Qxe2+ 10. Nxe2 Bf5 11. Be3 Na6 12. a3 Ng4 13. Bf4 h6 14. h3 Nf6 15.
Rc1 O-O 16. O-O g5 17. Be3 Rfd8 18. Rfd1 Nc7 19. h4 Ng4 20. hxg5 Nxe3 21. fxe3
hxg5 22. Kf2 Bf6 23. Nh2 e6 24. Bf3 Kg7 25. e4 Bg6 26. e5 Be7 27. Ng4 Rd7 28.
Rd2 Rad8 29. Rcd1 Bh5 30. Nh2 Bg6 31. Ng4 Bh5 32. Nh2 1/2-1/2

[Event "Cto. Espana Selecciones Autonomicas"]
[Site "Padron"]
[Date "2006.10.06"]
[Round "3.3"]
[White "Fidalgo Fernandez, Javier"]
[Black "Vega Gutierrez, Belinda"]
[Result "1-0"]
[WhiteElo "2243"]
[BlackElo "2184"]
[PlyCount "156"]
[EventDate "2006.10.??"]

1. Nf3 d5 2. d4 e6 3. c4 Nf6 4. Nc3 Be7 5. cxd5 exd5 6. Bg5 h6 7. Bh4 O-O 8. e3
b6 9. Bd3 Bb7 10. O-O Nbd7 11. Rc1 c5 12. b3 Ne4 13. Bxe7 Qxe7 14. dxc5 bxc5
15. Be2 Ndf6 16. Nxe4 Nxe4 17. Qc2 Rac8 18. Qb2 Rfe8 19. Rfd1 Qe6 20. Rc2 Qb6
21. Rdc1 Rcd8 22. Rd1 Re6 23. Bd3 Red6 24. Nd2 Nf6 25. Bf1 R6d7 26. Qa3 d4 27.
Nc4 Qc7 28. h3 dxe3 29. Rxd7 exf2+ 30. Rxf2 Nxd7 31. Qc1 Nb6 32. Ne3 Nd5 33.
Nf5 Bc8 34. Nh4 Be6 35. Nf3 Nf6 36. Rc2 Qb6 37. Qe3 Rc8 38. Kh1 Nd5 39. Qe4 Nb4
40. Rb2 Qa5 41. Qb1 Bd5 42. Ne5 Qc7 43. Nc4 Qf4 44. Qd1 Be6 45. Rd2 Nc6 46. Nb2
Qf6 47. Na4 Ne5 48. Rc2 c4 49. Qc1 Qh4 50. Nb2 Qe4 51. Nxc4 Nd3 52. Qd1 Nf4 53.
Rd2 Rf8 54. Rd4 Qf5 55. Qf3 Ng6 56. Qd1 Qf6 57. Be2 Nh4 58. Qd2 Qf2 59. Bd1
Qf1+ 60. Kh2 Nf5 61. Rf4 Ne3 62. Qxe3 Qxd1 63. Qxa7 Qc2 64. Qf2 Qc3 65. Qd2 Qa1
66. Rd4 Qf1 67. Rd8 Rxd8 68. Qxd8+ Kh7 69. Qd4 Qe2 70. a4 Qc2 71. Nd2 Bxb3 72.
Nxb3 Qxb3 73. a5 Qb5 74. Qa1 Qa6 75. Qb1+ g6 76. Qb6 Qe2 77. Qd6 Qe4 78. a6 Qa4
1-0

[Event "Cto. Espana Selecciones Autonomicas"]
[Site "Padron"]
[Date "2006.10.06"]
[Round "3.3"]
[White "Hernandez Leon, Alberto"]
[Black "Fidalgo Fernandez, Lucia"]
[Result "1/2-1/2"]
[WhiteElo "2179"]
[BlackElo "2079"]
[PlyCount "60"]
[EventDate "2006.10.??"]

1. e4 c5 2. Nf3 e6 3. d4 cxd4 4. Nxd4 Nf6 5. Nc3 Nc6 6. Nxc6 bxc6 7. e5 Nd5 8.
Ne4 Qa5+ 9. Bd2 Nb4 10. Bc3 Qd5 11. f3 Nxa2 12. Qxd5 cxd5 13. Rxa2 dxe4 14.
fxe4 Bc5 15. Bd3 Bb7 16. Ke2 O-O 17. b4 Bb6 18. Rha1 f5 19. exf6 gxf6 20. g4 d5
21. Rf1 dxe4 22. Bc4 Bd5 23. Bxd5 exd5 24. Bxf6 Rac8 25. c3 Rc4 26. Rd2 d4 27.
Bxd4 Bxd4 28. Rxf8+ Kxf8 29. Rxd4 Rxc3 30. Rxe4 Rc2+ 1/2-1/2

[Event "Cto. Espana Selecciones Autonomicas"]
[Site "Padron"]
[Date "2006.10.06"]
[Round "3.4"]
[White "Alonso Arburu, Juan Ignacio"]
[Black "Mascaro March, Pedro"]
[Result "0-1"]
[WhiteElo "2357"]
[BlackElo "2360"]
[PlyCount "118"]
[EventDate "2006.10.??"]

1. c4 Nf6 2. Nf3 e6 3. g3 d5 4. b3 Be7 5. Bg2 O-O 6. O-O Nbd7 7. Bb2 c6 8. Qc2
b6 9. d3 c5 10. e4 Bb7 11. cxd5 exd5 12. Nc3 a6 13. Rfe1 d4 14. Ne2 Bd6 15. Nh4
g6 16. h3 Nh5 17. Qd2 Be7 18. Nf3 Ra7 19. Nh2 Ng7 20. Nf4 Bg5 21. h4 Bxf4 22.
Qxf4 f5 23. Qd2 f4 24. Bc1 fxg3 25. fxg3 Nh5 26. Nf1 Ne5 27. Qe2 Bc8 28. Bg5
Qd6 29. Rac1 Bg4 30. Qd2 Qe6 31. b4 Raf7 32. bxc5 bxc5 33. Rxc5 Rf2 34. Rxe5
Qxe5 35. Qxf2 Rxf2 36. Kxf2 Be6 37. Rb1 Bxa2 38. Ra1 Bf7 39. Rxa6 Qb5 40. Ra8+
Kg7 41. Ke2 h6 42. Bd2 Qe5 43. Kf2 Bb3 44. Ra7+ Kg8 45. Ra6 Bc2 46. Rxg6+ Kf7
47. Rxh6 Bxd3 48. Bf3 Nf6 49. Bf4 Nxe4+ 50. Kg2 Bxf1+ 51. Kxf1 Nxg3+ 52. Bxg3
Qxg3 53. Bh5+ Ke7 54. Rh7+ Kd6 55. Rf7 Qxh4 56. Bf3 Qh2 57. Bg2 Kc5 58. Rf2 d3
59. Rd2 Qf4+ 0-1

[Event "Cto. Espana Selecciones Autonomicas"]
[Site "Padron"]
[Date "2006.10.06"]
[Round "3.4"]
[White "Calzetta Ruiz, Monica"]
[Black "Limeres, Cristobal"]
[Result "0-1"]
[WhiteElo "2344"]
[BlackElo "2263"]
[PlyCount "48"]
[EventDate "2006.10.??"]

1. e4 e6 2. d4 d5 3. Nd2 Nc6 4. Ngf3 Nf6 5. e5 Nd7 6. Bb5 a5 7. O-O Be7 8. Re1
Na7 9. Bd3 c5 10. c3 Nc6 11. Nf1 b6 12. Ng3 Ba6 13. Bb1 h5 14. dxc5 h4 15. Ne2
bxc5 16. Qa4 Qc7 17. Nf4 Kf8 18. Bg6 Ndxe5 19. Nxe5 Nxe5 20. Bc2 h3 21. Nxh3
Rxh3 22. Rxe5 Qxe5 23. Bf4 Qe2 24. gxh3 Bb5 0-1

[Event "Cto. Espana Selecciones Autonomicas"]
[Site "Padron"]
[Date "2006.10.06"]
[Round "3.4"]
[White "Galzagorri Uli, Yeray"]
[Black "Gonzalez Arribas, Vidal Alejandro"]
[Result "1/2-1/2"]
[WhiteElo "2227"]
[BlackElo "2297"]
[PlyCount "76"]
[EventDate "2006.10.??"]

1. e4 c5 2. Nc3 Nc6 3. Bb5 e6 4. Bxc6 bxc6 5. d3 Ne7 6. f4 d6 7. Nf3 Ng6 8. O-O
Be7 9. Qe1 O-O 10. e5 d5 11. Qg3 f6 12. b3 c4 13. dxc4 dxc4 14. Be3 c5 15. Nd2
cxb3 16. axb3 fxe5 17. fxe5 Bb7 18. Nc4 Qc7 19. Nb5 Qc6 20. Nbd6 Ba6 21. Rxf8+
Rxf8 22. Qg4 Bxc4 23. Qxc4 Qd7 24. Qxc5 Nxe5 25. Qxe5 Bxd6 26. Qe4 Bb8 27. Re1
Rf5 28. g3 Re5 29. Qa8 Qc7 30. Bf2 Rxe1+ 31. Bxe1 h5 32. Qe4 Qc5+ 33. Bf2 Qd5
34. Qxd5 exd5 35. h3 Kf7 36. g4 hxg4 37. hxg4 a6 38. Bd4 g6 1/2-1/2